00675nam a2200241 a 4500001001300000003000900013005001700022008004100039020001000080082001400090100001500104245003800119260006100157300000900218500003500227505001000262650002200272700001500294902000800309942000700317952009400324999001500418nice12345678IN_TiNIC20260116011652.0050524s1938 cala grs 000 0 bng  ac20000a239bJON4 aJones, L B aChristianity Explained to Muslims aCalcuttabCalcutta Christian Tract and Book Societc1938 a225p aincludes index and biblioraphy2 aindex aEvangelistic Work1 aJones, L B bSRS cPS 00104070aHMIbHMId2007-06-28g200.00l0o239 JON4p5895r2007-06-28w2026-01-16yARB c3273d3273